000
00301nam a22001217a 4500
008
230127b |||||||| |||| 00| 0 eng d
020
_a
978-99936-867-1-2
100
_a
Ngawang Phuntsho
245
_a
Thus I heard
_c
Ngawang Phuntsho
260
_b
Crowdpublished
300
_a
108 p
_c
14.8cm
942
_2
ddc
999
_c
9244
_d
9245